Piłka nożna - co to za piłkarz? #1 - Statystyki

Ogólne statystyki
  • Ten quiz został rozwiązany 88 razy
  • Średni wynik to 13 z 15
Statystyki odpowiedzi
wskazówka piłkarz % Poprawnych
Portugalski obrońca, od sezonu 20/21 zawodnik ManchesteruCity, zwycięzca czterech mistrzostw Premier League i Ligi Mistrzów (22/23) Ruben Dias
95%
Francuski pomocnik, zawodnik m.in. Manchesteru United, Juventusu i AS Monaco;mistrz świata z 2018 r.; czterokrotny mistrz Włoch Paul Pogba
94%
Kanadyjski lewy obrońca, od sezonu 18/19 zawodnik Bayernu Monahcium AlphonsoDavies
91%
Drugi najlepszy strzelec reprezentacji Urugwaju, zawodnik takich klubów jak:PSG, Manchester United, Napoli EdinsonCavani
91%
Legendarny kapitan i najlepszy strzelec w historii AS Romy, grający w zespolew latach 1993-2017; mistrz świata z 2006 r. FrancescoTotti
90%
Niemiecki środkowy obrońca, zawodnik Bayernu Monachium, Borussi Dortmund iAS Romy; mistrz świata z 2014 r.; sześciokrotny mistrz Niemiec Mats Hummels
88%
Holenderski skrzydłowy, od sezonu 22/23 zawodnik Liverpoolu; król strzelcówEuro 2024 Cody Gakpo
85%
Słynny hiszpański napastnik, zawodnik m.in. FC Barcelony, Atletico Madryt iValencii; król strzelców na Euro 2008 David Villa
85%
Angielski pomocnik, kapitan Liverpoolu w latach 2015-2023, zwycięzca Premier League (19/20) oraz Ligi Mistrzów (18/19) Jordan Henderson
84%
Słoweński bramkarz Interu Mediolan w latach 2012-2023, jednokrotnymistrz Włoch (20/21) SamirHandanović
83%
Brazylijski środkowy obrońca, zawodnik m.in. Chelsea, Arsenalu i PSG; jednokrotnyzdobywca Ligi Mistrzów; bohater niedawnego transferu do Pafos FC David Luiz
82%
Słynący z charakterystycznych dredów holenderski pomocnik, zawodnik m.in. AC Milan i Chelsea; zdobywca złotej piłki za rok 1987; mistrz Europy z 1988 r. Ruud Gullit
79%
Portugalski lewy skrzydłowy, występujący m.in. w Manchesterze United, Valencii i Lazio Rzym; czterokrotny mistrz Anglii Nani
77%
Japoński skrzydłowy; od sezonu 21/22 zawodnik Brigthon and Hove Albion FC Kaoru Mitoma
70%
Mierzący 163 cm wzrostu włoski skrzydłowy, wieloletni zawodnik Napoli; mistrz Europyz 2021 r. Lorenzo Insigne
70%
Nie znaleziono quizów pasujących do podanych kryteriów
Rozkład punktacji
Procent ludzi z każdym wynikiem
Percentyl według liczby udzielonych odpowiedzi
Twoja historia wyników
Nie rozwiązałeś tego quizu